00657nam a2200205Ia 450000500170000000800410001702000150005808200130007324500690008626000550015530000260021065000110023665000210024765000130026870000250028170000290030694200060033595200950034199900150043620240614035110.0240331s9999 xx 000 0 und d a9559261207 bWRIa823 0aWriting an inheritance :bwomen's writing in Sri Lanka 1860-1948 aColombobWomen's Education & Research Centrec2002 aix, 376 p ., ( V - 1) a Women aFeminist Scholar aPolitics aMel De Neloufereedt aSamarakkody, Minolieedt cL 001040708LaWERCLbWERCLcSSCd2024-03-31l0o 823 WRIp4745r2024-03-31w2024-03-31yL c3361d3361